The state of martial rule : (Record no. 36263)
[ view plain ]
| 000 -LEADER | |
|---|---|
| fixed length control field | 01293nam a2200337 a 4500 |
| 001 - CONTROL NUMBER | |
| control field | 36263 |
| 003 - CONTROL NUMBER IDENTIFIER | |
| rucl marc code | BD-RjUL |
| 005 - DATE AND TIME OF LATEST TRANSACTION | |
| control field | 20211209052448.0 |
| 008 - FIXED-LENGTH DATA ELEMENTS--GENERAL INFORMATION | |
| fixed length control field | 140618s1990 enkb b 001 0 eng |
| 020 ## - INTERNATIONAL STANDARD BOOK NUMBER | |
| International Standard Book Number | 0521373484 |
| 035 ## - SYSTEM CONTROL NUMBER | |
| System control number | (BD-RjUL)36360 |
| 040 ## - CATALOGING SOURCE | |
| Original cataloging agency | DLC |
| Transcribing agency | DLC |
| Modifying agency | BD-RjUL |
| Language of cataloging | eng |
| 041 ## - LANGUAGE CODE | |
| Language code of text/sound track or separate title | eng |
| 082 00 - DEWEY DECIMAL CLASSIFICATION NUMBER | |
| Classification number | 954.904 |
| Edition number | 19 |
| Author mark and year | JAS 1990 |
| 100 1# - MAIN ENTRY--PERSONAL NAME | |
| Personal name | Jalal, Ayesha. |
| 9 (RLIN) | 42727 |
| 245 14 - TITLE STATEMENT | |
| Title | The state of martial rule : |
| Remainder of title | the origins of Pakistan's political economy of defence / |
| Statement of responsibility, etc. | Ayesha Jalal. |
| 260 ## - PUBLICATION, DISTRIBUTION, ETC. (IMPRINT) | |
| Place of publication, distribution, etc. | Cambridge [England] ; New York : |
| Name of publisher, distributor, etc. | Cambridge University Press, |
| Date of publication, distribution, etc. | c1990. |
| 300 ## - PHYSICAL DESCRIPTION | |
| Pagination | xi, 362 p. : |
| Size | 23 cm. |
| Illustrations | ill. ; |
| 490 1# - SERIES STATEMENT | |
| Series statement | Cambridge South Asian studies ; |
| Volume/sequential designation | 46 |
| 504 ## - BIBLIOGRAPHY, ETC. NOTE | |
| Bibliography, etc | Includes bibliographical references (p. 331-336) and index. |
| 650 #0 - SUBJECT ADDED ENTRY--TOPICAL TERM | |
| Topical term or geographic name as entry element | Martial law |
| Geographic subdivision | Pakistan. |
| 9 (RLIN) | 17036 |
| 651 #0 - SUBJECT ADDED ENTRY--GEOGRAPHIC NAME | |
| Geographic name | Pakistan |
| General subdivision | Politics and government. |
| 9 (RLIN) | 110359 |
| Geographic name | Pakistan |
| General subdivision | Defenses. |
| 9 (RLIN) | 110360 |
| Geographic name | Pakistan |
| General subdivision | Economic conditions. |
| 9 (RLIN) | 110361 |
| 830 1# - SERIES ADDED ENTRY--UNIFORM TITLE | |
| Uniform title | Cambridge South Asian studies ;46 |
| 856 42 - ELECTRONIC LOCATION AND ACCESS | |
| Materials specified | Publisher description |
| Uniform Resource Identifier | <a href="http://www.loc.gov/catdir/enhancements/fy0803/89007266-d.html">http://www.loc.gov/catdir/enhancements/fy0803/89007266-d.html</a> |
| Materials specified | Table of contents only |
| Uniform Resource Identifier | <a href="http://www.loc.gov/catdir/enhancements/fy0803/89007266-t.html">http://www.loc.gov/catdir/enhancements/fy0803/89007266-t.html</a> |
| 942 ## - ADDED ENTRY ELEMENTS (KOHA) | |
| Source of classification or shelving scheme | Dewey Decimal Classification |
| Koha item type | Books |
| Lost status | Source of classification or shelving scheme | Damaged status | Not for loan | Collection code | Permanent Location | Current Location | Shelving location | Date acquired | Source of acquisition | Cost, normal purchase price | Total Checkouts | Full call number | Date last seen | Copy number | Koha item type |
|---|---|---|---|---|---|---|---|---|---|---|---|---|---|---|---|
| Dewey Decimal Classification | Not For Loan | Non-fiction | Central Library, University of Rajshahi | Central Library, University of Rajshahi | Reading Room | 17/02/1991 | Abacas. | 30.00 | 954.904 JAS 1990 | 18/06/2014 | C-1 | Books |